CRSI Recommended practice for placing reinforcing bars

Uloženo v:
Podrobná bibliografie
Hlavní autor: Reese, Raymond C
Médium: Kniha
Jazyk:English
Vydáno: United States of America : Concrete Reinforcing Steel Institute 1959
Témata:
Tagy: Přidat tag
Žádné tagy, Buďte první, kdo vytvoří štítek k tomuto záznamu!

MARC

LEADER 00000nam a2200000Ia 4500
003 003323
005 20221231143956.0
008 140114s1959 us a 000 ||eng d
040 |c cru CEDI 
082 |2 621.302.18 R328c 
100 |a Reese, Raymond C  |9 21693 
245 |a CRSI Recommended practice for placing reinforcing bars  
260 |a  United States of America : Concrete Reinforcing Steel Institute  |c 1959 
300 |a vii, 287páginas  
650 |x HORMIGON ARMADO   |x CONSTRUCCIONES DE HORMIGON ARMADO  |9 21694 
942 |2 ddc  |c BK 
999 |c 15044  |d 15044